Abhijnana sakuntala of Kalidasa (Record no. 9868)

MARC details
000 -LEADER
fixed length control field 00462cam a2200181ua 4500
008 - FIXED-LENGTH DATA ELEMENTS--GENERAL INFORMATION
fixed length control field 190626n ii |||gr||||Z||||||mul
020 ## - INTERNATIONAL STANDARD BOOK NUMBER
International Standard Book Number 817084181X
040 ## - CATALOGING SOURCE
Transcribing agency MAIN
041 ## - LANGUAGE CODE
-- mul
082 ## - DEWEY DECIMAL CLASSIFICATION NUMBER
Classification number 294.592
245 ## - TITLE STATEMENT
Title Abhijnana sakuntala of Kalidasa
Statement of responsibility, etc. Ed. by RD Karmarkar
260 ## - PUBLICATION, DISTRIBUTION, ETC.
Place of publication, distribution, etc. Varanasi:
Name of publisher, distributor, etc. Chowkhamba vidyabhawan,
Date of publication, distribution, etc. 2013.
300 ## - PHYSICAL DESCRIPTION
Extent 404p.
700 ## - ADDED ENTRY--PERSONAL NAME
Personal name RD Karmarkar,
Relator term
942 ## - ADDED ENTRY ELEMENTS (KOHA)
Koha item type Books
653 ## - INDEX TERM--UNCONTROLLED
Uncontrolled term Religions ofIndic origin
Holdings
Withdrawn status Lost status Damaged status Not for loan Home library Current library Shelving location Date acquired Total Checkouts Full call number Barcode Date last seen Copy number Price effective from Koha item type
        Naharkatiya College Central Library Naharkatiya College Central Library General Stacks 19/09/2020   294.592 | ABH 27877 19/09/2020 1 19/09/2020 Books

Naharkatiya College © 2020. All rights reserved.

Powered By